Stručné úrokové tabulky

Na minha lista:
Detalhes bibliográficos
Autor principal: Kodym, Emanuel
Formato: Livro
Idioma:tcheco
Publicado em: Praha Státní nakladatelství technické literatury 1982
Tags: Adicionar Tag
Sem tags, seja o primeiro a adicionar uma tag!

MARC

LEADER 00000nam a2200000 4500
001 c129642
005 20041019155246.9
041 0 |a cze 
044 |a CZ 
245 1 0 |a Stručné úrokové tabulky  |c Emanuel Kodym 
264 1 |a Praha  |b Státní nakladatelství technické literatury  |c 1982 
300 |a 223 s. 
100 1 |a Kodym, Emanuel